Kleinste Städte Österreichs - Statistiken

Allgemein
  • Dieses Quiz wurde 25 mal gespielt
  • Das Durchschnittsergebnis liegt bei 8 aus 26
Antwortstatistiken
Einwohner Stadt Bundesland % Korrekt
2.000 Rust Burgenland
67%
448 Rattenberg Tirol
62%
828 Dürnstein
48%
2.623 Friedberg Steiermark
43%
2.905 Grein
38%
2.004 Stadtschlaining Burgenland
38%
1.269 Geras
33%
2.541 Gmünd in Kärnten Kärnten
33%
2.192 Litschau
33%
2.950 Oberwölz Steiermark
33%
2.899 Purbach am Neusiedler See Burgenland
33%
1.736 Allentsteig
29%
2.854 Frauenkirchen Burgenland
29%
1.309 Hardegg
29%
1.938 Maissau
29%
1.483 Vils Tirol
29%
2.988 Marchegg
24%
894 Schrattenthal
24%
1.991 Straßburg Kärnten
24%
2.629 Weitra
24%
2.820 Kirchschlag in der Buckligen Welt
19%
2.635 Lilienfeld
19%
1.506 Pulkau
19%
1.207 Drosendorf-Zissersdorf
14%
2.710 Groß-Siegharts
14%
2.631 Raabs an der Thaya
14%
Keine übereinstimmenden Quizze gefunden
Verteilung der Resultate
Anzahl Personen mit jedem Resultat
Perzentil nach korrekt beantworteten Fragen
Ihre Resultats-Entwicklung
Sie haben dieses Quiz noch nicht gespielt